LEADER 00919nam0-2200301---450- 001 990009182300403321 005 20100505120251.0 010 $a88-86572-01-8 035 $a000918230 035 $aFED01000918230 035 $a(Aleph)000918230FED01 035 $a000918230 100 $a20100505d1995----km-y0itay50------ba 101 0 $aita 102 $aIT 105 $aae--abh-001yb 200 1 $aEnrico Davide Bona$earchitettura come lavoro intellettuale$ecatalogo della mostra, Savona, Fortezza del Priamar, 27 febbraio/ 11 marzo 1995 210 $aSestri Levante$cJoshua libri$d1995 215 $a63 p.$cill.$d24 cm 610 0 $aEsposizione$aSavona$a1995 700 1$aBona,$bEnrico Davide$f<1940- >$0433576 801 0$aIT$bUNINA$gRICA$2UNIMARC 901 $aBK 912 $a990009182300403321 952 $aMON B 952$b6702$fFARBC 959 $aFARBC 996 $aEnrico Davide Bona$9779801 997 $aUNINA LEADER 03112 am 2200673 n 450 001 9910324032103321 005 20181207 010 $a2-8028-0434-0 024 7 $a10.4000/books.pusl.3027 035 $a(CKB)4100000008283942 035 $a(FrMaCLE)OB-pusl-3027 035 $a(oapen)https://directory.doabooks.org/handle/20.500.12854/48146 035 $a(PPN)236708813 035 $a(EXLCZ)994100000008283942 100 $a20190528j|||||||| ||| 0 101 0 $afre 135 $auu||||||m|||| 181 $ctxt$2rdacontent 182 $cc$2rdamedia 183 $acr$2rdacarrier 200 14$aLes frontières et la communauté politique $eFaire, défaire et penser les frontières /$fFlorence Delmotte, Denis Duez 210 $aBruxelles $cPresses de l?Université Saint-Louis$d2018 215 $a1 online resource (252 p.) 311 $a2-8028-0221-6 330 $aCes dernières années, l?importance des thèmes liés aux frontières est allée crescendo, dans l?actualité politique et dans les débats intellectuels. Aujourd?hui, les drames qui se jouent aux frontières de l?Europe questionnent les fondements des communautés politiques contemporaines à travers les limites de celles-ci. Dans ce contexte, le présent ouvrage n?est pas un plaidoyer « pour » ou « contre » l?ouverture ou le renforcement des frontières de type national-étatique. Prenant acte des avancées des Border Studies, il invite à prendre du recul par rapport à une notion qui semble saturée, presque étouffante, et entend faire droit à une diversité de significations et d?usages du faire frontière. À travers leurs différents objets et terrains et grâce à la complémentarité de leurs approches ? l?anthropologie, la sociologie, la sociologie politique, les études européennes et la théorie politique ? les contributions rassemblées éclairent les manières dont les communautés et leurs frontières se construisent mutuellement. 517 $afrontières et la communauté politique 606 $aSociology 606 $afrontière 606 $agestion 606 $aCorée 606 $amigration 606 $asupranational 610 $afrontière 610 $aCorée 610 $asupranational 610 $amigration 610 $agestion 615 4$aSociology 615 4$afrontière 615 4$agestion 615 4$aCorée 615 4$amigration 615 4$asupranational 700 $aBrouillette$b Martine$01287040 701 $aDavid-Ismayil$b Meryll$01287041 701 $aDelmotte$b Florence$01287042 701 $aDuez$b Denis$01281085 701 $aFougère$b Marianne$01287043 701 $aGuichard$b Justine$0787618 701 $aMercenier$b Heidi$01287044 701 $aSchaut$b Christine$01282761 701 $aSchmitt$b Étienne$01287045 701 $aDelmotte$b Florence$01287042 701 $aDuez$b Denis$01281085 801 0$bFR-FrMaCLE 906 $aBOOK 912 $a9910324032103321 996 $aLes frontières et la communauté politique$93020010 997 $aUNINA